LEADER 04819 am 2201009 n 450 001 9910495924903321 005 20240104030714.0 010 $a2-7574-3075-0 024 7 $a10.4000/books.septentrion.103447 035 $a(CKB)5590000000433155 035 $a(FrMaCLE)OB-septentrion-103447 035 $a(PPN)253363055 035 $a(EXLCZ)995590000000433155 100 $a20210128j|||||||| ||| 0 101 0 $afre 135 $auu||||||m|||| 200 00$aRichesses en partage au Brésil et en France$eApproches socio-spatiales croisées dans le Minas Gerais et le Nord-Pas de Calais$fPauline Bosredon, Frédéric Dumont, Alexandre Magno Alves Diniz, Ana Maria Mela 210 $aVilleneuve d'Ascq$cPresses universitaires du Septentrion$d2021 215 $a1 online resource (318 p.) 311 $a2-7574-3031-9 330 $aC?est en observant la répartition des richesses et leur distribution que l?on met en lumière la façon dont elles sont partagées et que l?on perçoit le fonctionnement des sociétés, l?accaparement par certains des ressources et des privilèges et les inégalités socio-spatiales qui en découlent. Il n?existe pas de définition universelle de la richesse. À quelque échelle que ce soit, la richesse est toujours multidimensionnelle et toutes ses formes sont liées entre elles, qu?elles concernent le revenu, le patrimoine économique ou ce qui a trait au pouvoir, au savoir, à la santé, à l?accès aux ressources naturelles et culturelles, etc. Le livre repose sur l?étude d?expériences locales comparées en France et au Brésil dans les territoires du Nord-Pas de Calais et du Minas Gerais, à différentes échelles et sur des terrains variés : de la région à la métropole et au quartier, des espaces miniers encore en activité ou reconvertis aux espaces naturels protégés. The structuring of legal and medical activities in Europe since the 18th century has so far been insufficiently studied jointly, from the point of view of their professionalization and territorial registration. 606 $aGeography 606 $aressource 606 $adiversité sociale 606 $ainégalité 606 $aurbanité 606 $apolitique urbaine 606 $aculture 606 $aeau 606 $aéconomie solidaire 606 $abassin minier 606 $aespace naturel protégé 607 $aMinas Gerais (Brazil)$xEconomic conditions 607 $aNord-Pas-de-Calais (France)$xEconomic conditions 615 4$aGeography 615 4$aressource 615 4$adiversité sociale 615 4$ainégalité 615 4$aurbanité 615 4$apolitique urbaine 615 4$aculture 615 4$aeau 615 4$aéconomie solidaire 615 4$abassin minier 615 4$aespace naturel protégé 700 $aAdil Oliveira de Almeida$b Daniela$01455172 701 $aBertram$b Catherine$01455173 701 $aBosredon$b Pauline$0327022 701 $aCavalcante$b Anderson$01455174 701 $aCicci Pinto Faria$b Diomira Maria$01455175 701 $aCosta$b Heloisa$01455176 701 $ade Castro Pereira$b Denise$01455177 701 $ade Melo Monte-Mór$b Roberto Luís$01455178 701 $ade Oliveira Guimarães$b Liliane$01455179 701 $aDhau-Decuypère$b Yves$01455180 701 $aDiniz$b Alexandre Magno Alves$01455181 701 $ados Santos Filho$b Luiz Antônio$01455182 701 $aDumont$b Frédéric$01453855 701 $aDurand-Delvigne$b Annick$01455183 701 $aGomes de Mendonça$b Jupira$01455184 701 $aHammouche$b Abdelhafid$01232617 701 $aMarinho$b Frederico Couto$01455185 701 $aMela$b Ana Maria$01455186 701 $aMorère$b Lucie$01453866 701 $aMourão$b Ana$01455187 701 $aOliveira Araújo$b Fabiana$01455188 701 $aPaglioto$b Bárbara$01455189 701 $aPatou$b Marie$01455190 701 $aPessoa de Castro Gentil$b Paula$01455191 701 $aRoi$b Claire-Sophie$01455192 701 $aSoares Del Gaudio$b Rogata$01455193 701 $aTeixeira de Andrade$b Luciana$01455194 701 $aBarros Pereira$b Doralice$01455195 701 $aCarsalade$b Flavio$01455196 701 $aCary$b Paul$01453848 701 $aDiniz$b Sibelle$01453853 701 $aGlon$b Éric$0317720 701 $aMachado$b Ana Flávia$01455197 701 $aMartins de Souza$b Rita de Cassia$01455198 701 $aMelo$b Ana Maria$01455199 701 $aParis$b Didier$0273530 701 $aSchmitt$b Guillaume$01292509 801 0$bFR-FrMaCLE 906 $aBOOK 912 $a9910495924903321 996 $aRichesses en partage au Brésil et en France$93657124 997 $aUNINA LEADER 02313nam 2200565 450 001 9910818966203321 005 20170822144316.0 010 $a1-4704-0222-X 035 $a(CKB)3360000000464817 035 $a(EBL)3114489 035 $a(SSID)ssj0000888764 035 $a(PQKBManifestationID)11465736 035 $a(PQKBTitleCode)TC0000888764 035 $a(PQKBWorkID)10867685 035 $a(PQKB)10788720 035 $a(MiAaPQ)EBC3114489 035 $a(RPAM)4504682 035 $a(PPN)195415175 035 $a(EXLCZ)993360000000464817 100 $a19980120h19981998 uy| 0 101 0 $aeng 135 $aur|n|---||||| 181 $ctxt 182 $cc 183 $acr 200 10$aAlgebraic structure of pseudocompact groups /$fDikran Dikranjan, Dmitri Shakhmatov 210 1$aProvidence, Rhode Island :$cAmerican Mathematical Society,$d[1998] 210 4$d©1998 215 $a1 online resource (83 p.) 225 1 $aMemoirs of the American Mathematical Society,$x0065-9266 ;$vnumber 633 300 $a"May 1998, volume 133, number 633 (fourth of 5 numbers)." 311 $a0-8218-0629-7 320 $aIncludes bibliographical references (pages 76-83). 327 $a""Contents""; ""Abstract""; ""Acknowledgments""; ""Introduction""; ""1. Principal results""; ""2. Preliminaries""; ""3. Some algebraic and set-theoretic properties of pseudocompact groups""; ""4. Three technical lemmas""; ""5. Pseudocompact group topologies on V-free groups""; ""6. Pseudocompact topologies on torsion Abelian groups""; ""7. Pseudocompact connected group topologies on Abelian groups""; ""8. Pseudocompact topologizations versus compact ones""; ""9. Some diagrams and open questions""; ""10. Diagram 2""; ""11. Diagram 3""; ""Bibliography"" 410 0$aMemoirs of the American Mathematical Society ;$vno. 633. 606 $aTopological groups 606 $aCompact groups 615 0$aTopological groups. 615 0$aCompact groups. 676 $a510 s 676 $a512/.5 700 $aDikranjan$b Dikran N.$f1950-$054921 702 $aShakhmatov$b Dmitri$f1961- 801 0$bMiAaPQ 801 1$bMiAaPQ 801 2$bMiAaPQ 906 $aBOOK 912 $a9910818966203321 996 $aAlgebraic structure of pseudocompact groups$94079664 997 $aUNINA